[Event "BCF-chT3a 0001 (4NCL)"]
[Site "Birmingham"]
[Date "2000.11.26"]
[Round "4.3"]
[White "Butler, Sean"]
[Black "Purdon, Colin"]
[Result "1/2-1/2"]
[WhiteElo "2088"]
[BlackElo "2112"]
[PlyCount "35"]
[EventDate "2000.11.26"]
[EventType "team-tourn"]
[EventRounds "7"]
[EventCountry "ENG"]
[SourceTitle "EXT 2002"]
[Source "ChessBase"]
[SourceDate "2001.11.25"]
[SourceVersion "1"]
[SourceVersionDate "2001.11.25"]
[SourceQuality "1"]
[WhiteTeam "NCCL"]
[BlackTeam "Mindsports"]
[WhiteTeamCountry "ENG"]
[BlackTeamCountry "ENG"]

1. e4 e6 2. d4 d5 3. Nd2 Nf6 4. e5 Nfd7 5. Bd3 c5 6. c3 Nc6 7. Ne2 cxd4 8. cxd4 f6 9. exf6 Nxf6 10. Nf3 Bd6 11. 0-0 Qb6 12. Nc3 0-0 13. Bg5 Bd7 14. Bh4 a6 15. Na4 Qc7 16. Bg3 Bxg3 17. hxg3 e5 18. dxe5 1/2-1/2